| 000 | 00528nam a22001817a 4500 | ||
|---|---|---|---|
| 999 |
_c190362 _d190362 |
||
| 005 | 20220722143841.0 | ||
| 010 | _aENG-133862 | ||
| 020 |
_a9789351952701 _c399.00 |
||
| 035 | _aEN-117394 | ||
| 037 | _bDBAD/PUB | ||
| 082 | _aS | ||
| 100 | _aDhondy, Farrukh | ||
| 245 |
_aCambridge Company/ _cFarrukh Dhondy |
||
| 260 |
_agurugram _bHachette Book Publishing India _c2016 |
||
| 270 |
_a4th & 5th Floors, Corporate Centre, Plot no. 94, sector 44 _bgurugram _e122003 |
||
| 300 |
_a218p. _c19cm(pbk) |
||
| 942 |
_2ddc _cEN _hS _mDHO |
||